Score 0/14 Timer 05:00
0 Plays Today
Scrambled Center 7-Letter Word % Correct
OTHERbrothel
85.4%
SOLOSblossom
85.1%
LOG-ONbologna
81.4%
ANKLEblanket
79.4%
HEARTbreathe
78.3%
HELLObellhop
70.9%
BRIERbribery
69%
Scrambled Center 7-Letter Word % Correct
TRADEbreadth
68.2%
AIRERbarrier
65.5%
IOTASbastion
64.3%
CREDObedrock
58.7%
CLOAKbacklog
55.9%
OCULIbucolic
51.3%
GRAINbrigand
35%
Remove Ads.
Support Sporcle.
Get the best of Sporcle when you Go Orange. This ad-free experience offers more features, more stats, and more fun while also helping to support Sporcle. Thank you for becoming a member.

You're not logged in!

Compare scores with friends on all Sporcle quizzes.
OR
Log In

Show Comments

Extras

Top Quizzes Today


Score Distribution

Your Account Isn't Verified!

In order to create a playlist on Sporcle, you need to verify the email address you used during registration. Go to your Sporcle Settings to finish the process.

Report this User

Report this user for behavior that violates our Community Guidelines.

Details: